The State and economic distribution in Malaysia

Bibliographic Details
Main Author: Tan, Loong-Hoe
Format: Book
Published: Singapore : Institute of SouthEast Asian Studies , 1982
Series:Research notes and discussions paper no. 31
Subjects:

MARC

LEADER 00000cam a2200000 7i4500
001 0000009224
005 20161121.0
040 |a INS 
090 0 0 |a DS513   |b T161 1982 
100 1 |a Tan, Loong-Hoe 
245 1 4 |a The State and economic distribution in Malaysia   |c by Tan Loong-Hoe 
260 |a Singapore :   |b Institute of SouthEast Asian Studies ,   |c 1982 
300 |a 92p ;   |c 23cm. 
440 0 |a Research notes and discussions paper no. 31 
650 0 0 |a Income distribution   |z Malaysia 
651 0 |a Distribution   |x Economic theory 
651 0 |a Malaysia   |x Economic policy 
999 |a 0000022663   |b BOOK   |c Open Shelf   |e Default branch